LEADER 01552nam a2200289 u 4500 001 000000004578 003 CaOOAMICUS 005 20070226104651.0 008 940514s1948 it u000 u ita u 035 $a10121108 040 $aCIN$bita$cCIN$dCUY$dISV 100 1 $aPasserini, Alfredo,$d1906-1951.$0(OLS)http://pul/name/4747 245 13$aLa civiltà del mondo antico :$bproblemi di storia orientale, greca e romana /$cAlfredo Passerini. 260 $aMilano :$bC. Marzorati,$c1948. 300 $a232 p. ;$c26 cm 500 $aAppendici: La storiografia antica -- La storiografia moderna sulla storia greca e romana -- I mezzi di studio per la storia greca e romana -- Bibliografia ragionata -- Cronologia ragionata dei principali avvenimenti greco-romani. 504 $aBibliography: p. 191-195. 650 0$aHistoriography.$2//eng$0(OLS)http://pul/subject/3916 651 0$aRome$xHistoriography.$2//eng$0(OLS)http://pul/subject/3917 651 0$aRome$xHistory$xChronology.$2//eng$0(OLS)http://pul/subject/2848 651 0$aGreece$xHistoriography.$2//eng$0(OLS)http://pul/subject/3918 651 0$aGreece$xHistory$xChronology.$2//eng$0(OLS)http://pul/subject/3919 850 $aPUL 852 $aPUL$W1$xDP1 Fondo Cecchetti$y53$m268 I 13$j6407$nBK-PRI$b $qFondi$B6407$CPULBib$Z2$F6407 $HPUL2593 $81 941 1 $a1 996 $6245$aLa civiltà del mondo antico :$bproblemi di storia orientale, greca e romana$9(OLS)http://pul/title/6620 996 $6260$aMilano :$bC. Marzorati$9(OLS)http://pul/publisher/50511 LEADER 01770nam a2200373 u 4500 001 000000074962 003 CaOOAMICUS 005 20070226123040.0 008 021219s1993 sz u000 u fre u 020 $a2827106191(Editions Universitaires Fribourg Suisse) 020 $a2204047856(Cerf) 035 $a10949465 040 $aPUL$bita 041 1 $afre$hita 100 1 $aBianchi, Luca,$d1957-$0(OLS)http://pul/name/15902 240 10$aVerità dissonanti : Aristotele alla fine del Medioevo.$lFrancese.$0(OLS)http://pul/title/98319 245 10$aVérités dissonantes :$bAristote à la fin du Moyen Age /$cLuca Bianchi, Eugenio Randi ; préface de Mariateresa Fumagalli Beonio Brocchieri. 260 $aFribourg :$bÉditions Universitaires ;$aParis :$bLes Éditions du Cerf,$c1990. 300 $a266 p. ;$c22 cm 490 1 $aVestigia ;$v11 504 $aBibliografia in nota. 650 4$aAristotelismo.$0(OLS)http://pul/subject/20799 700 1 $aRandi, Eugenio,$d1957-1990.$0(OLS)http://pul/name/49721 830 0$aVestigia (Cerf) ;$v11.$0(OLS)http://pul/title/25052 850 $aPUL 852 $aPUL$W1$xDP2 Cons. Gen., Altre Classi 1$y61$m1393 B 5.11$j96569$nBK-PRI$b $qStampati$B96569$CPULBib$Z2$F96569 $81 941 1 $a8 960 $aFilosofia aristotelica$920799 961 $aINV: 89329 996 $6020$a2827106191(Editions Universitaires Fribourg Suisse)$9(OLS)http://pul/number/97558 996 $6020$a2204047856(Cerf)$9(OLS)http://pul/number/97559 996 $6245$aVérités dissonantes :$bAristote à la fin du Moyen Age$9(OLS)http://pul/title/98320 996 $6260$aFribourg :$bÉditions Universitaires$9(OLS)http://pul/publisher/52852 996 $6260$aParis :$bLes Éditions du Cerf$9(OLS)http://pul/publisher/47861